Statistics for Cities Beginning With "C" on a Map

Click here to take the quiz!

General Stats

  • This quiz has been taken 63,380 times
    (63,319 since last reset)
  • The average score is 15 of 30

Answers on the Map

Answers color-coded by a green-red scale on the quiz's map according to % correct below.
 

Answer Stats

City% Correct
Cairo
91%
Chicago
89%
Cape Town
85%
Copenhagen
84%
Canberra
83%
Caracas
76%
Casablanca
74%
Cardiff
69%
Cologne
67%
Calgary
66%
Colombo
60%
Cancún
58%
Cleveland
56%
Christchurch
55%
Charlotte
54%
Chişinău
51%
Chennai
47%
Cali
38%
Conakry
36%
Chengdu
35%
Cairns
31%
Cusco
31%
Córdoba
28%
Chongqing
27%
Cabo San Lucas
26%
Chittagong
26%
Cayenne
25%
Cebu
21%
Curitiba
21%
Ciudad Juárez
20%

Score Distribution

Percentile by Number Answered

Percent of People with Each Score

Your Score History

You have not taken this quiz since the last reset